<?xml version="1.0" encoding="UTF-8"?>
<record
    xmlns:xsi="http://www.w3.org/2001/XMLSchema-instance"
    xsi:schemaLocation="http://www.loc.gov/MARC21/slim http://www.loc.gov/standards/marcxml/schema/MARC21slim.xsd"
    xmlns="http://www.loc.gov/MARC21/slim">

  <leader>01224nam0a2200313 i 4500</leader>
  <controlfield tag="001">RU\NLR\bibl\1939534</controlfield>
  <controlfield tag="005">20241104002036.0</controlfield>
  <datafield tag="010" ind1=" " ind2=" ">
    <subfield code="a">9785425203991</subfield>
    <subfield code="9">3000</subfield>
  </datafield>
  <datafield tag="021" ind1=" " ind2=" ">
    <subfield code="a">RU</subfield>
    <subfield code="b">2012-57972</subfield>
    <subfield code="9">4242</subfield>
  </datafield>
  <datafield tag="035" ind1=" " ind2=" ">
    <subfield code="a">(NLR Aleph) 001928815</subfield>
  </datafield>
  <datafield tag="090" ind1=" " ind2=" ">
    <subfield code="a">3407111</subfield>
    <subfield code="c">3407111</subfield>
  </datafield>
  <datafield tag="100" ind1=" " ind2=" ">
    <subfield code="a">20120831d2012    u  y0rusy50      ca</subfield>
  </datafield>
  <datafield tag="101" ind1="1" ind2=" ">
    <subfield code="a">rus</subfield>
    <subfield code="c">heb</subfield>
  </datafield>
  <datafield tag="102" ind1=" " ind2=" ">
    <subfield code="a">RU</subfield>
  </datafield>
  <datafield tag="105" ind1=" " ind2=" ">
    <subfield code="a">a   |||||||||</subfield>
  </datafield>
  <datafield tag="200" ind1="1" ind2=" ">
    <subfield code="a">&#x417;&#x430;&#x43F;&#x440;&#x435;&#x442;&#x43D;&#x44B;&#x439; &#x442;&#x430;&#x43B;&#x43C;&#x443;&#x434;</subfield>
    <subfield code="e">[&#x442;&#x44B;&#x441;&#x44F;&#x447;&#x435;&#x43B;&#x435;&#x442;&#x43D;&#x438;&#x435; &#x438;&#x443;&#x434;&#x435;&#x439;&#x441;&#x43A;&#x438;&#x435; &#x442;&#x430;&#x439;&#x43D;&#x44B;, &#x437;&#x430; &#x437;&#x43D;&#x430;&#x43A;&#x43E;&#x43C;&#x441;&#x442;&#x432;&#x43E; &#x441; &#x43A;&#x43E;&#x442;&#x43E;&#x440;&#x44B;&#x43C;&#x438; &#x43A;&#x430;&#x440;&#x430;&#x43B;&#x438; &#x441;&#x43C;&#x435;&#x440;&#x442;&#x44C;&#x44E;]</subfield>
    <subfield code="f">&#x42F;&#x440;&#x43E;&#x43D; &#x42F;&#x434;&#x430;&#x43D;</subfield>
    <subfield code="g">&#x43F;&#x440;&#x435;&#x434;&#x438;&#x441;&#x43B;., [&#x43F;&#x435;&#x440;. &#x441; &#x438;&#x432;&#x440;&#x438;&#x442;&#x430;] &#x410;&#x43B;&#x435;&#x43A;&#x441;&#x430;&#x43D;&#x434;&#x440;&#x430; &#x42D;&#x442;&#x435;&#x440;&#x43C;&#x430;&#x43D;&#x430;</subfield>
  </datafield>
  <datafield tag="210" ind1=" " ind2=" ">
    <subfield code="a">&#x41C;&#x43E;&#x441;&#x43A;&#x432;&#x430;</subfield>
    <subfield code="c">&#x420;&#x438;&#x434; &#x413;&#x440;&#x443;&#x43F;&#x43F;</subfield>
    <subfield code="c">&#x427;&#x438;&#x442;&#x430;&#x439;!</subfield>
    <subfield code="d">2012</subfield>
  </datafield>
  <datafield tag="215" ind1=" " ind2=" ">
    <subfield code="a">542 &#x441;.</subfield>
    <subfield code="c">&#x438;&#x43B;.</subfield>
    <subfield code="d">22</subfield>
  </datafield>
  <datafield tag="225" ind1="1" ind2=" ">
    <subfield code="a">&#x411;&#x43E;&#x433; &#x43D;&#x435; &#x43A;&#x440;&#x443;&#x442;</subfield>
  </datafield>
  <datafield tag="605" ind1=" " ind2=" ">
    <subfield code="a">&#x422;&#x430;&#x43B;&#x43C;&#x443;&#x434;</subfield>
    <subfield code="x">&#x418;&#x441;&#x441;&#x43B;&#x435;&#x434;&#x43E;&#x432;&#x430;&#x43D;&#x438;&#x435; &#x442;&#x435;&#x43A;&#x441;&#x442;&#x430;</subfield>
    <subfield code="9">2346945</subfield>
    <subfield code="3">RU\NLR\auth\661402448</subfield>
  </datafield>
  <datafield tag="686" ind1=" " ind2=" ">
    <subfield code="a">&#x42D;36-250</subfield>
  </datafield>
  <datafield tag="700" ind1=" " ind2="1">
    <subfield code="a">&#x42F;&#x434;&#x430;&#x43D;</subfield>
    <subfield code="g">&#x42F;&#x440;&#x43E;&#x43D;</subfield>
    <subfield code="4">070</subfield>
  </datafield>
  <datafield tag="702" ind1=" " ind2="1">
    <subfield code="a">&#x42D;&#x442;&#x435;&#x440;&#x43C;&#x430;&#x43D;</subfield>
    <subfield code="b">&#x410;.</subfield>
    <subfield code="g">&#x410;&#x43B;&#x435;&#x43A;&#x441;&#x430;&#x43D;&#x434;&#x440;</subfield>
    <subfield code="4">730</subfield>
  </datafield>
  <datafield tag="801" ind1=" " ind2="0">
    <subfield code="a">RU</subfield>
    <subfield code="b">NLR</subfield>
    <subfield code="c">20120831</subfield>
    <subfield code="g">RCR</subfield>
  </datafield>
  <datafield tag="801" ind1=" " ind2="1">
    <subfield code="a">RU</subfield>
    <subfield code="b">NLR</subfield>
    <subfield code="c">20120831</subfield>
  </datafield>
  <datafield tag="942" ind1=" " ind2=" ">
    <subfield code="c">BOOK</subfield>
  </datafield>
  <datafield tag="980" ind1=" " ind2=" ">
    <subfield code="a">NBR</subfield>
  </datafield>
</record>
